Statistics for Busiest Airports in Oceania

Click here to take the quiz!

General Stats

  • This quiz has been taken 143 times
  • The average score is 14 of 20

Answer Stats

PassengersAirport% Correct
41.9MSydney
100%
20.0MAuckland
98%
36.7MMelbourne
98%
13.7MPerth
97%
23.2MBrisbane
96%
8.1MAdelaide
91%
6.0MWellington
91%
6.6MChristchurch
85%
2.1MDarwin
83%
6.5MGold Coast
80%
3.0MCanberra
78%
2.4MHobart
73%
4.9MCairns
67%
1.4MPort Moresby
62%
1.3MNewcastle
46%
2.3MNadi
41%
2.1MQueenstown
38%
1.5MTownsville
37%
1.3MLaunceston
22%
1.0MNelson
9%

Score Distribution

Percentile by Number Answered

Percent of People with Each Score

Your Score History

You have not taken this quiz